000 01279nam0a22002771 4500
001 rc\4829148
005 20260407134113.0
021 _aRU
_b[61-28615]
035 _a(NLR Aleph) 008804632
090 _a8123537
_c8123537
100 _a20130426d1961 |||y0rusy50 ca
101 0 _arus
102 _aRU
105 _aa z |||||
200 1 _aРабиндранат Тагор - друг Советского Союза
_e[Сто лет со дня рождения. 1861-1961]
_eСборник документов и материалов
_f[Отв. ред. и авт. предисл., с. 9-34, В.А. Вдовин и Л.С. Гамаюнов]
_g[Акад. наук СССР. Ин-т народов Азии. Гл. архивное упр. при Совете Министров СССР]
210 _aМосква
_cИзд-во вост. лит.
_d1961
215 _a207 с., 4 л. ил.
_d20
702 1 _aГамаюнов
_bЛ.С.
_4340
_4080
702 1 _aТагор
_bР.
_f1861-1941
_gРабиндранат
_4570
702 1 _aВдовин
_bВ.А.
_4340
_4080
712 0 2 _aИнститут народов Азии
_cМосква
_3RU\NLR\AUTH\8810000900
_9498969
801 0 _aRU
_bNLR
_gpsbo
801 1 _aRU
_bELAR
_2rusmarc
852 _aNLR
_j61-3/2363
942 _cBOOK
980 _aNB